000 00507nam a2200181Ia 4500
001 19748
005 20260306172715.0
008 260306t2016||||xx |||||||||||||| ||spa||
041 _aESP
082 _a341
_bR84
100 _aRosa de Bustamante da, Thomas
_eAUT
245 0 _aTeoría del precedente judicial:
_bla justificación y la aplicación de reglas jurisprudenciales
260 _c2016
300 _axvii, 588 páginas :
_c24 cm.
650 _aGEN
654 _aCDE
942 _cLIB
_dJUS
_fJUS
_2ddc
_n
999 _c19748
_d19748